000 00602nam a2200181 a 4500
005 20210219150408.0
008 991125c1990 mx 000 0 spa u
020 _a9688055530
035 _aUPN01000013412
049 _aCG
050 4 _aKGC303
_bN83 no.17
245 0 0 _aDe la elección e instalación del congreso artículos 51 al 59.
260 _aMéxico :
_bINEHRM,
_cc1990.
300 _a93 p. :
_bfots.
440 0 _aNuestra Constitución : historia de la libertad y soberanía del pueblo mexicano.
_pCuaderno ;
_v17
651 4 _aMEXICO -
_xDERECHO CONSTITUCIONAL -
_xCOMPENDIOS
905 _aLibro
999 _c13412
_d13412